| 000 | 01257nam a2200325Ia 4500 | ||
|---|---|---|---|
| 001 | ebr5005050 | ||
| 003 | CaPaEBR | ||
| 006 | m u | ||
| 007 | cr cn||||||||| | ||
| 008 | 900726s1990 enk sb 001 0 eng d | ||
| 015 | _aGB89-42022 | ||
| 020 | _z0415025931 | ||
| 040 |
_aCaPaEBR _cCaPaEBR |
||
| 035 | _a(OCoLC)70769179 | ||
| 050 | 1 | 4 |
_aB2948 _b.S84 1990eb |
| 082 | 0 | 4 |
_a193 _219 |
| 100 | 1 |
_aStern, Robert, _d1962- |
|
| 245 | 1 | 0 |
_aHegel, Kant and the structure of the object _h[electronic resource] / _cRobert Stern. |
| 260 |
_aLondon ; _aNew York : _bRoutledge, _c1990. |
||
| 300 | _axi, 169 p. | ||
| 504 | _aIncludes bibliographical references and index. | ||
| 533 |
_aElectronic reproduction. _bPalo Alto, Calif. : _cebrary, _d2013. _nAvailable via World Wide Web. _nAccess may be limited to ebrary affiliated libraries. |
||
| 600 | 1 | 0 |
_aHegel, Georg Wilhelm Friedrich, _d1770-1831. |
| 600 | 1 | 0 |
_aKant, Immanuel, _d1724-1804. |
| 600 | 1 | 0 |
_aHegel, Georg Wilhelm Friedrich, _d1770-1831. _tWissenschaft der Logik. |
| 650 | 0 | _aPhilosophy. | |
| 655 | 7 |
_aElectronic books. _2local |
|
| 710 | 2 | _aebrary, Inc. | |
| 856 | 4 | 0 |
_uhttp://site.ebrary.com/lib/rucke/Doc?id=5005050 _zAn electronic book accessible through the World Wide Web; click to view |
| 999 |
_c1516 _d1516 |
||